Taquigrafía gregg : (Registro nro. 10347)
[ vista simple ]
| 000 -LIDER | |
|---|---|
| fixed length control field | 00857nam a22002657a 4500 |
| 001 - NÚMERO DE CONTROL | |
| Identificador de número de control | 00522 |
| 003 - IDENTIFICACDOR DE NÚMERO DE CONTROL | |
| control field | DO-SdBNP |
| 005 - DATE AND TIME OF LATEST TRANSACTION | |
| control field | 20180126094528.0 |
| 007 - CAMPOS FIJOS DE DESCRIPCIÓN FÍSICA | |
| fixed length control field | 00522 |
| 008 - ELEMENTOS DE LONGITUD FIJA | |
| fixed length control field | 160609b co 1980||||| |||| 00| 0 spa d |
| 020 ## - ISBN | |
| International Standard Book Number | 9686046968 |
| 040 ## - FUENTE DE CATALOGACIÓN | |
| Agencia que crea de manera original el registro | BPMSU |
| Idioma de catalogación | spa |
| Agencia que realiza la transcripción | BPMSU |
| 092 ## - LOCALLY ASSIGNED DEWEY DECIMAL CALL NUMBER | |
| Número de clasificación | xxxxxxxx |
| Número de ítem (Cutter) | xxxxxxxx |
| 100 1# - ASIENTO PRINCIPAL -- NOMBRE PERSONAL | |
| Nombre personal | Robert Gregg, John |
| 245 1# - MENCIÓN DE TITULO | |
| Título | Taquigrafía gregg : |
| Subtítulo | texto básico / |
| Mención de responsabilidad | John Robert Gregg, Louis A. Leslie, Charles E. Zoubek ; editor Alvaro Romero ; revisión Martha Olaeta de De la Peña |
| 260 ## - PUBLICACIÓN, DISTRIBUCIÓN, ETC. (PIE DE IMPRENTA) | |
| Lugar de publicación, distribución, etc | Colombia : |
| Nombre del editor, distribuidor, etc. | McGraw-Hill, |
| Fecha de publicación, distribución, etc | 1980. |
| 300 ## - DESCRIPCIÓN FÍSICA | |
| Extensión | 138 p. : |
| Dimensiones | 23 cm. |
| 700 1# - ASIENTO SECUNDARIO -- NOMBRE PERSONAL | |
| Nombre personal | Leslie, Louis A. |
| 700 1# - ASIENTO SECUNDARIO -- NOMBRE PERSONAL | |
| Nombre personal | Zoubek, Charles E. |
| 700 1# - ASIENTO SECUNDARIO -- NOMBRE PERSONAL | |
| Nombre personal | Romero, Alvaro, |
| Mención de responsabilidad | ed. |
| 700 1# - ASIENTO SECUNDARIO -- NOMBRE PERSONAL | |
| Nombre personal | Olaeta de De la Peña, Martha, |
| Mención de responsabilidad | rev. |
| 942 ## - ADDED ENTRY ELEMENTS (KOHA) | |
| Source of classification or shelving scheme | Dewey Decimal Classification |
| Koha item type | Libros |
| 945 ## - INFORMACIÓN DE PROCESAMIENTO LOCAL | |
| Información de procesamiento local | Inventariado extranjero / 2018 VM |
| 956 ## - LOCAL ELECTRONIC LOCATION AND ACCESS (OCLC) | |
| Nombre de host | BTAVÄREZ |
| Número de acceso | 10 |
| Información de compresión | 09062016 |
| Trayectoria | 00522 |
| Withdrawn status | Lost status | Source of classification or shelving scheme | Damaged status | Not for loan | Collection code | Home library | Current library | Date acquired | Source of acquisition | Total Checkouts | Barcode | Date last seen | Price effective from | Koha item type |
|---|---|---|---|---|---|---|---|---|---|---|---|---|---|---|
| Dewey Decimal Classification | Colección General | Biblioteca Pública Metropolitana Salomé Ureña | Biblioteca Pública Metropolitana Salomé Ureña | 06/09/2016 | FUNDI | BPMSU16060139 | 06/09/2016 | 06/09/2016 | Libros |